Zodpovednosť za spreneveru prostriedkov z rozpočtu EÚ

Sprenevera prostriedkov z rozpočtu Európskych spoločenstiev na území Slovenskej republiky. Charakteristika finančných záujmov Európskej únie. Činnosť Európskeho úradu pre boj proti podvodom, jeho Centrálneho kontaktného úradu v Slovenskej republike. Postup pri administratívnom vyšetrovaní spáchaných...

ver descrição completa

Na minha lista:
Detalhes bibliográficos
Autor principal: Klátik, Jaroslav
Formato: Capítulo de Livro
Idioma:eslovaco
Assuntos:
Tags: Adicionar Tag
Sem tags, seja o primeiro a adicionar uma tag!

MARC

LEADER 00000naa$a2200000$$$4500
001 0067670
005 20231102091919.3
041 0 |a slo 
044 |a SK 
245 1 0 |a Zodpovednosť za spreneveru prostriedkov z rozpočtu EÚ  |c Jaroslav Klátik 
520 |a Sprenevera prostriedkov z rozpočtu Európskych spoločenstiev na území Slovenskej republiky. Charakteristika finančných záujmov Európskej únie. Činnosť Európskeho úradu pre boj proti podvodom, jeho Centrálneho kontaktného úradu v Slovenskej republike. Postup pri administratívnom vyšetrovaní spáchaných podvodov. Trestnoprávny aspekt ochrany finančných záujmov prostredníctvom slovenského Trestného zákona. 
610 2 0 |a právo trestné 
610 2 0 |a Slovensko 
610 2 0 |a Európske spoločenstvá 
610 2 0 |a sprenevera 
610 2 0 |a činnosť trestná 
610 2 0 |a dotácie 
610 2 0 |a subvencie 
610 2 0 |a rozpočet spoločný 
100 1 |a Klátik, Jaroslav